LEADER 01294nam 2200445 450 001 9910154657803321 005 20230213222757.0 010 $a1-4574-8797-7 035 $a(CKB)3710000000920150 035 $a(MiAaPQ)EBC4727666 035 $a(EXLCZ)993710000000920150 100 $a20161118h19851985 uy 0 101 0 $aspa 135 $aurcnu|||||||| 181 $2rdacontent 182 $2rdamedia 183 $2rdacarrier 200 10$aComplete organ works$hVolume II$iFor piano /$fJuan Bautista Cabanilles 210 1$a[Los Angeles, California] :$cKalmus,$d[1985] 210 4$dİ[1985] 215 $a1 online resource (190 pages) $cillustrations 225 1 $aKalmus classic edition ;$vK 09777 300 $aIncludes index. 311 $a0-7579-0370-3 410 0$aKalmus classic edition ;$vK 09777. 606 $aOrgan (Musical instrument) 606 $aOrgan and piano music 606 $aPiano music 615 0$aOrgan (Musical instrument) 615 0$aOrgan and piano music. 615 0$aPiano music. 676 $a786.6 700 $aCabanilles$b Juan Bautista$01276149 801 0$bMiAaPQ 801 1$bMiAaPQ 801 2$bMiAaPQ 906 $aBOOK 912 $a9910154657803321 996 $aComplete organ works$93007116 997 $aUNINA LEADER 01224nam a2200253 i 4500 001 991000476099707536 005 20020509171037.0 008 011128s1998 it ||| | ita 020 $a8879885499 035 $ab11363757-39ule_inst 035 $aPARLA208954$9ExL 040 $aDip.to Scienze Storiche Fil. e Geogr.$bita 100 1 $aPellegrini, Giancarlo$0525708 245 10$aStorici, filosofi e cultura umanistica a Gubbio tra Cinque e Seicento :$batti del Convegno di studi :$bGubbio, 6-8 aprile 1995 /$ca cura di Patrizia Castelli e Giancarlo Pellegrini 260 $aSpoleto :$bCentro italiano di studi sull'alto Medioevo,$c1998 300 $aXI, 688 p., [15] c. di tav. :$bill. ;$c23 cm. 490 0 $aQuaderni del Centro per il collegamento degli studi medievali e umanistici nell'Universita di Perugia ;$v40 700 1 $aCastelli, Patrizia 907 $a.b11363757$b01-03-17$c01-07-02 912 $a991000476099707536 945 $aLE009 MSM VIII Coll.16/40$g1$i2009000143043$lle009$o-$pE0.00$q-$rn$so $t0$u0$v0$w0$x0$y.i11543954$z01-07-02 996 $aStorici, filosofi e cultura umanistica a Gubbio tra Cinque e Seicento$9824749 997 $aUNISALENTO 998 $ale009$b01-01-01$cm$da $e-$fita$git $h0$i1